|
|
|
|
| LEADER |
01444nam a2200373 a 4500 |
| 001 |
23978 |
| 003 |
BD-DhAAL |
| 008 |
111210s2004 nyua b 001 0 eng |
| 010 |
|
|
|a 2003060821
|
| 020 |
|
|
|a 0231130627 (cloth : alk. paper)
|
| 020 |
|
|
|a 9780231130639
|
| 040 |
|
|
|a DLC
|c DLC
|d DLC
|d BD-DhAAL
|
| 042 |
|
|
|a pcc
|
| 043 |
|
|
|a a-ii---
|
| 050 |
0 |
0 |
|a JQ281
|b .C48 2004
|
| 082 |
0 |
0 |
|a 320.954
|2 22
|
| 100 |
1 |
|
|a Chatterjee, Partha,
|d 1947-
|
| 245 |
1 |
4 |
|a The politics of the governed :
|b reflections on popular politics in most of the world /
|c Partha Chatterjee.
|
| 260 |
|
|
|a New York :
|b Columbia University Press,
|c c2004.
|
| 300 |
|
|
|a xi, 173 pages :
|b illustrations ;
|c 22 cm.
|
| 490 |
1 |
|
|a Leonard Hastings Schoff memorial lectures
|
| 504 |
|
|
|a Includes bibliographical references and index.
|
| 541 |
|
|
|e 23978
|
| 650 |
|
0 |
|a Politics, Practical
|z India.
|9 54792
|
| 650 |
|
0 |
|a Political participation
|z India.
|9 54793
|
| 650 |
|
0 |
|a Democracy
|z India.
|
| 650 |
|
0 |
|a Equality
|z India.
|9 20402
|
| 650 |
|
0 |
|a Citizenship
|z India.
|9 54794
|
| 651 |
|
|
|a India
|x Politics and government.
|
| 830 |
|
0 |
|a University seminars/Leonard Hastings Schoff memorial lectures.
|9 54795
|
| 852 |
1 |
|
|a Ayesha Abed Library
|c General Stacks
|
| 942 |
|
|
|2 ddc
|c BK
|
| 999 |
|
|
|c 11562
|d 11562
|
| 952 |
|
|
|0 0
|1 0
|2 ddc
|4 0
|6 320_954000000000000_CHA
|7 0
|9 18812
|a BIGD
|b BIGD
|c GEN
|d 2011-12-10
|l 0
|o 320.954 CHA
|p 3050023978
|r 2011-12-10
|t 1
|w 2011-12-10
|y BK
|x Transferred from BDI to BIGD.
|